Tradición y presencia del Ateneo madrileño / (Record no. 194833)
[ view plain ]
| 000 -LEADER | |
|---|---|
| campo de control de longitud fija | 01773nab a2200289 i 4500 |
| 001 - NÚMERO DE CONTROL | |
| campo de control | 194833 |
| 003 - IDENTIFICADOR DE NÚMERO DE CONTROL | |
| campo de control | ES-MaACL |
| 005 - FECHA Y HORA DE LA ÚLTIMA TRANSACCIÓN | |
| campo de control | 20250704062602.0 |
| 008 - DATOS DE LONGITUD FIJA--INFORMACIÓN GENERAL | |
| campo de control de longitud fija | 240517e1948 sp ||||| |||| 00| 0 spa d |
| 040 ## - FUENTE DE CATALOGACIÓN | |
| Lengua de catalogación | spa |
| Centro/agencia transcriptor | ES-MaACL |
| 080 ## - NÚMERO DE LA CLASIFICACIÓN DECIMAL UNIVERSAL | |
| Número de la Clasificación Decimal Universal | 001.32(460.271) |
| 100 1# - ENTRADA PRINCIPAL--NOMBRE DE PERSONA | |
| 9 (RLIN) | 79673 |
| Nombre de persona | Mediano Flores, Eugenio |
| Término indicativo de función/relación | Autor |
| 245 10 - MENCIÓN DEL TÍTULO | |
| Título | Tradición y presencia del Ateneo madrileño / |
| Mención de responsabilidad, etc. | por Eugenio Mediano Flores |
| 260 ## - PUBLICACIÓN, DISTRIBUCIÓN, ETC. | |
| Lugar de publicación, distribución, etc. | Madrid, |
| Fecha de publicación, distribución, etc. | 1948 |
| 300 ## - DESCRIPCIÓN FÍSICA | |
| Extensión | P. 81-87, [1] hoja de lámina |
| 336 ## - TIPO DE CONTENIDO | |
| Fuente | rdacontent |
| Término de tipo de contenido | texto |
| 337 ## - TIPO DE MEDIO | |
| Fuente | rdamedia |
| Nombre/término del tipo de medio | sin mediación |
| 338 ## - TIPO DE SOPORTE | |
| Fuente | rdacarrier |
| Nombre/término del tipo de soporte | volumen |
| 520 ## - RESUMEN, ETC. | |
| Sumario, etc. | Se hace un repaso a la creación y funcionamiento del segundo Ateneo de Madrid, centro cultural e intelectual por excelencia desde su fundación, en 1835, en donde se congregaban los intelectuales; personalidades del mundo de las letras, las artes y las ciencias españolas. El Ateneo se diferenciaba del Colegio de Francia y del The Atheneum inglés, en que sus funciones y objetivos iban más allá de los límites de una academia o club. El carácter abierto del Ateneo permitía participar de las conferencias y cátedras que allí se ofrecían a todos los interesados de manera gratuita. Se mantenía gracias a las cuotas de sus socios y, tras la guerra, el Estado le proporcionó una exigua subvención para atender a las necesidades de su Biblioteca y cátedras |
| 530 ## - NOTA DISPONIBLE DE FORMULARIO FÍSICO ADICIONAL | |
| Nota de formato físico adicional disponible | Disponible en formato digital |
| 610 24 - PUNTO DE ACCESO ADICIONAL DE MATERIA--NOMBRE DE ENTIDAD CORPORATIVA | |
| Nombre de entidad corporativa o nombre de jurisdicción como elemento de entrada | Ateneo de Madrid- |
| Subdivisión de forma | Historia |
| 9 (RLIN) | 1925 |
| 773 ## - ASIENTO DE ITEM FUENTE | |
| Título | Revista nacional de educación, |
| Número Internacional Normalizado para Publicaciones Seriadas | ISSN 0210-2269, |
| Parte(s) relacionada(s) | 1948, n. 78, p. 81-87 |
| Número bibliográfico anfitrión | 1970 |
| Número de ítem anfitrión | 2009 |
| Número de control del registro | 1970 |
| 856 ## - LOCALIZACIÓN Y ACCESO ELECTRÓNICOS | |
| Identificador Uniforme de Recursos | <a href="http://hdl.handle.net/11162/77083">http://hdl.handle.net/11162/77083</a> |
| Texto de enlace | Versión en línea |
| Nota pública | (Redined) |
| 942 ## - ELEMENTOS DE ENTRADA SECUNDARIOS (KOHA) | |
| Fuente del sistema de clasificación o colocación | Clasificación decimal universal |
| Tipo de ítem Koha | Artículo de revista |
| Suprimir en OPAC | No |
No items available.
